000 00506nam a22001697a 4500
008 160928b xxu||||| |||| 00| 0 eng d
020 _a0113229352
040 _aKABU
_cKABU
050 _aREF RS141.3
_b.B75 2014 V.V C.1
245 _aBritish pharmacopoeia 2014
260 _aLondon
_bMHRA
_c2014
300 _a840 p.
650 _2Pharmacopoeias
_xGreat Britian
650 _2Pharmacopeias
650 _2Geneesmiddelen
942 _2lcc
_cREF
_hRS141.3 .B75 2014 V.V C.1
_kREF
999 _c16109
_d16109